| 000 | 00814nas a2200277 4500 | ||
|---|---|---|---|
| 001 | BR0305806 | ||
| 003 | BR-BrBNA | ||
| 005 | 20231205104200.0 | ||
| 007 | ta | ||
| 008 | 230509b bl.|||p| |||| 00| 00por d | ||
| 040 |
_aBR-BrBNA _bpor _cBiblioteca Nacional de Agricultura |
||
| 041 | _a(Pt) | ||
| 072 | _aJ11; E71 | ||
| 100 | 1 | _aKreuz, C.L. | |
| 100 | 1 | _aArgenta, L.C. | |
| 100 | 1 | _aKrammes, J.G. | |
| 245 | 1 | _aO uso do 1-MCP para a geração de valor na cadeia produtiva da maçã | |
| 650 | _aMAÇÃ | ||
| 650 | _aCADEIA PRODUTIVA | ||
| 650 | _aPRODUTO QUÍMICO | ||
| 650 | _aARMAZENAMENTO | ||
| 650 | _aEXPORTAÇÃO | ||
| 773 | 0 |
_tAgropecuária Catarinense (Brazil) _xISSN 0103-0779 _g(Jul-2003), v. 16(2) p. 59-62 _wBR0305806 |
|
| 909 |
_a202311 _bLúcia _c55 _dLúcia Elande |
||
| 942 |
_2AGRIS _n0 _cANA |
||
| 999 |
_c176796 _d176796 |
||